A test fogalma Nüsszai Szent Gergely filozófiai és teológiai antropológiájában

Elmentve itt :
Bibliográfiai részletek
Szerző: Ilyés Zalán-György
Adatforrás:Philobibl
Forrásdokumentuma:Kellék
2022:68. 97-126. p.
Dokumentumtípus: Cikk
Nyelv:magyar
Kulcsszavak:valláselmélet
teológia
testelmélet
Nüsszai Szent Gergely
testtechnika
aszkézis
Online elérés:szabadon hozzáférhető
LEADER 00643nab a2200181 c 4500
001 bibPHI00000980
005 20240621093324.4
008 240621s2022 rm 00010 hun d
100 1 |a Ilyés Zalán-György 
245 1 2 |a A test fogalma Nüsszai Szent Gergely filozófiai és teológiai antropológiájában  |c Ilyés Zalán-György 
695 |a valláselmélet 
695 |a teológia 
695 |a testelmélet 
695 |a Nüsszai Szent Gergely 
695 |a testtechnika 
695 |a aszkézis 
773 0 |t Kellék  |g 2022:68. 97-126. p. 
856 4 1 |3 Full text  |u https://www.prophilosophia.ro/assets/files/kellek-68/007ilyes.pdf  |z szabadon hozzáférhető